00737nam a2200193 a 450000100100000000500170001000800410002704000250006808200150009311000560010824500910016426000840025530000270033950000190036650400190038504900090040495201130041399900170052600003011520210420113209.0110429s1996 dr a 000 0 spa d aDO-SdBNPbspacBNPHU axxxbF673c aFondo de las Naciones Unidas para la Infancia9927010aCarpeta para facilitar actividades de capacitación sobre los derechos de la niñez. aSanto Domingo :bFondo de las Naciones Unidas para la Infancia (UNICEF),c1996. a98 P. :bil. ;c28 cm. aIncluye anexos aBibliografía aBNPD 0010718PDaPDbPDcCTd2011-04-29iLF1l0oxxx F673cp30115-10r2020-06-25w2020-06-25yLFPDZNo se presta c29607d29607